歴代自由民主党の幹事長 - Statistics

General Stats
  • This quiz has been taken 209 times
    102 since last reset
  • The average score is 20 of 52
Answer Stats
就任月
退任月
答え % Correct
41 2003年9月 2004年9月 安倍晋三
82%
50 2012年9月 2014年9月 石破茂
78%
44 2007年8月 2007年9月 麻生太郎
73%
46 2008年8月 2008年9月 麻生太郎
73%
11 1965年6月 1966年12月 田中角栄
70%
13 1968年11月 1971年6月 田中角栄
70%
52・53 2016年8月 2021年10月 二階俊博
66%
51 2014年9月 2016年8月 谷垣禎一
63%
55 2021年11月 2024年9月 茂木敏充
63%
5 1959年1月 1959年6月 福田赳夫
59%
12 1966年12月 1968年11月 福田赳夫
59%
17 1974年12月 1976年9月 中曽根康弘
58%
27 1986年7月 1987年10月 竹下登
58%
31 1991年4月 1991年10月 小渕恵三
58%
34 1993年7月 1995年8月 森喜朗
58%
37 1998年7月 2000年4月 森喜朗
58%
2・3 1956年12月 1957年7月 三木武夫
58%
9・10 1964年7月 1965年6月 三木武夫
58%
30 1989年8月 1991年4月 小沢一郎
56%
19 1976年12月 1978年12月 大平正芳
53%
29 1989年6月 1989年8月 橋本龍太郎
53%
57 2025年10月現職 鈴木俊一
53%
1 1955年11月 1956年12月 岸信介
52%
28 1987年10月 1989年6月 安倍晋太郎
47%
56 2024年12月 2025年10月 森山裕
41%
36 1995年10月 1998年7月 加藤紘一
36%
54 2021年10月 2021年11月 甘利明
36%
49 2010年9月 2012年9月 石原伸晃
34%
38 2000年4月 2000年12月 野中広務
30%
40 2001年4月 2003年9月 山崎拓
30%
26 1984年10月 1986年7月 金丸信
26%
42 2004年9月 2006年9月 武部勤
26%
47 2008年9月 2009年9月 細田博之
26%
48 2009年9月 2010年9月 大島理森
25%
16 1974年11月 1974年12月 二階堂進
22%
23・24 1981年11月 1983年12月 二階堂進
22%
45 2007年9月 2008年8月 伊吹文明
22%
39 2000年12月 2001年4月 古賀誠
19%
43 2006年9月 2007年8月 中川秀直
19%
33 1992年12月 1993年7月 梶山静六
16%
32 1991年10月 1992年12月 綿貫民輔
15%
15 1972年7月 1974年11月 橋本登美三郎
15%
35 1995年8月 1995年10月 三塚博
12%
21・22 1979年11月 1981年11月 櫻内義雄
11%
25 1983年12月 1984年10月 田中六助
11%
14 1971年6月 1972年7月 保利茂
10%
8 1961年7月 1964年7月 前尾繁三郎
10%
6 1959年6月 1960年7月 川島正次郎
8%
4 1957年7月 1959年1月 川島正次郎
8%
18 1976年9月 1976年12月 内田恒雄
5%
20 1978年12月 1979年11月 斎藤邦吉
5%
7 1960年7月 1961年7月 益谷秀次
5%
No matching quizzes found
Score Distribution
Percent of People with Each Score
Percentile by Number Answered
Your Score History
You have not taken this quiz since the last reset